000 00547cam a2200205ua 4500
001 5680
008 131025n ii |||gr||||Z||||||eng
020 _a987-81-202-8774-7
040 _cMAIN
082 _a910.954162
100 _aGogoi,Jayanta,
_eEditor.
245 _aAssam tourism :
_bOpportunities and policies /
_cby Jayanta Gogoi .
250 _a1st.
260 _aGuwahati:
_bJagaran Sahitya Prakashan,
_c2011.
300 _a91p.
653 _aHistory
653 _aAssam Tourism
653 _aOpportunities and policies
942 _cBK
999 _c4839
_d4839